| 000 | 00699nam a2200181Ia 4500 | ||
|---|---|---|---|
| 008 | 151018s9999 xx 000 0 und d | ||
| 082 |
_bRBASDV46501 _a891.463 |
||
| 100 | _aलक्ष्मीदास बोरकर | ||
| 245 | _aखुनी नंदकिशोरी आणि इतर कथा | ||
| 250 | _b1 | ||
| 260 |
_bसायली _c2008 |
||
| 300 | _a216 | ||
| 600 | _aलक्ष्मीदास बोरकर | ||
| 630 | _aखुनी नंदकिशोरी आणि इतर कथा | ||
| 700 | _aलक्ष्मीदास बोरकर | ||
| 730 | _aखुनी नंदकिशोरी आणि इतर कथा | ||
| 942 | _cBOOK | ||
| 999 |
_c1045655 _d1045652 |
||